Alle Pokémon mit "Q" - Statistiken

Allgemein
  • Dieses Quiz wurde 114 mal gespielt
  • Das Durchschnittsergebnis liegt bei 8 aus 9
Antwortstatistiken
Typ Pokémon % Korrekt
Wasser 💧 Quapsel
100%
Wasser 💧 Quaputzi
97%
Wasser / Kampf Quappo
95%
Wasser 💧 Quaxo
92%
Feuer 🔥 Qurtel
85%
Eis / Boden Quiekel
82%
Wasser / Geist Quabbel
72%
Kampf 👊 Quartermak
69%
Wasser / Unlicht Quajutsu
59%
Keine übereinstimmenden Quizze gefunden
Verteilung der Resultate
Anzahl Personen mit jedem Resultat
Perzentil nach korrekt beantworteten Fragen
Ihre Resultats-Entwicklung
Sie haben dieses Quiz noch nicht gespielt